000 00494nam a22001817a 4500
003 CEME
005 20210628204028.0
008 210114b xxu||||| |||| 00| 0 eng d
020 _a9780375427473
040 _cceme
082 _a658.0076 CRA
100 _aMartz, Geoff , Robinson, Adam
_968333
245 _aCracking the new gmat 2013 , proven techniques for a higher score
260 _aNEW YORK
_bRANDOM HOUSE
_c2013
300 _a803P
650 _aGMAT 2013
_968334
942 _cBK
_2ddc
999 _c575933
_d575933